Lady Gaga - Joanne - Statistics

General Stats
  • This quiz has been taken 29 times
  • The average score is 10 of 13
Answer Stats
2016 Joanne % Correct
7 Million Reasons
96%
6 Perfect Illusion
96%
3 Joanne
91%
11 Angel Down
87%
12 Grigio Girls
87%
4 John Wayne
87%
9 Come To Mama
78%
1 Diamond Heart
78%
10 Hey Girl (feat. Florence Welch)
70%
2 A-YO
65%
5 Dancin' In Circles
61%
8 sINNER'S PRAYER
61%
13 Just Another Day
57%
No matching quizzes found
Score Distribution
Percent of People with Each Score
Percentile by Number Answered
Your Score History
You have not taken this quiz